Genius, power and magic : a cultural history of Germany from Goethe to Wagner

Αποθηκεύτηκε σε:
Λεπτομέρειες βιβλιογραφικής εγγραφής
Κύριος συγγραφέας: Cavaliero, Roderick
Μορφή: Βιβλίο
Γλώσσα:English
Δημοσίευση: London ; New York : I.B.Tauris : Distributed in the United States and Canada exclusively by Palgrave Macmillan, 2013.
Θέματα:
Ετικέτες: Προσθήκη ετικέτας
Δεν υπάρχουν, Καταχωρήστε ετικέτα πρώτοι!

MARC

LEADER 00000cam a2200000 a 4500
001 1/106375
008 150518s2013####xxk| ||| |||| ||eng||
020 |a 9781780764009  
040 |a GR-MyUa  |b gre  |c GR-MyUa  |e AACR2 
041 0 |a eng 
082 7 |a 306.0943   |2 (23)  
100 1 |a Cavaliero, Roderick. 
245 1 0 |a Genius, power and magic :   |b a cultural history of Germany from Goethe to Wagner /   |c Roderick Cavaliero.  
260 |a London ;   |a New York :   |b I.B.Tauris :   |b Distributed in the United States and Canada exclusively by Palgrave Macmillan,   |c 2013.  
300 |a vi, 378 σ. ;   |c 24 εκ.  
504 |a Περιλαμβάνει βιβλιογραφία (σ. 365-370) και ευρετήριο.  
505 8 |a Introduction -- Fitzboodle in Pumpernickel -- A German panorama -- Genius : Germans in search of god -- Genius : Germans in search of man (1) -- Genius : Germans in search of man (2) -- Potentates and patrons (1) -- Potentates and patrons (2) -- The Catholic south -- Magic : musical Germany -- Pumpernickel discovered -- Revolution across the Rhine -- The return of "Pumpernickel" -- Romance on the Rhine -- The Tales of the Hoffmen -- Harmony and dissonance -- Butterflies or maggots -- "Pumpernickel" by binoculars -- Power over genius and magic.  
651 0 |a Germany  |x Civilization. 
651 0 |a Germany  |x Intellectual life  |y 18th century. 
651 0 |a Germany  |x Intellectual life  |y 19th century. 
852 |a INST  |b LESVOS  |e 20150518  |h 306.0943 CAV  |p 005100056604  |q 005100056604  |t BK  |y 0 
970 |a Τζαφέρη  |b Ευαγγελία  |z 22-05-2015